[Event "Gelsenkirchen Koenigsspringer op"]
[Site "Gelsenkirchen"]
[Date "2019.12.30"]
[Round "7"]
[White "Koscielski, Janusch"]
[Black "Lombardi, Marco"]
[Result "1-0"]
[WhiteElo "2279"]
[BlackElo "1961"]
[PlyCount "93"]
[EventDate "2019.12.27"]
[EventType "swiss"]
[EventRounds "7"]
[EventCountry "GER"]
[SourceTitle "CBM 194 Extra"]
[Source "ChessBase"]
[SourceDate "2020.03.31"]
[SourceVersion "1"]
[SourceVersionDate "2020.03.31"]
[SourceQuality "1"]

1. e4 c5 2. Nf3 d6 3. d4 cxd4 4. Nxd4 Nf6 5. Nc3 a6 6. Be3 e6 7. f4 Be7 8. Qf3 Nbd7 9. g4 h6 10. h4 Qc7 11. 0-0-0 b5 12. Bd3 Nc5 13. Kb1 Bb7 14. g5 Nfd7 15. a3 Nb6 16. f5 e5 17. Nde2 0-0-0 18. f6 gxf6 19. gxf6 Bf8 20. Ng3 d5 21. Bxc5 Bxc5 22. Nxd5 Nxd5 23. exd5 Bxd5 24. Be4 Bxe4 25. Nxe4 Kb8 26. h5 Bb6 27. c3 Rhe8 28. Kc2 Qc6 29. Qe2 Re6 30. Rxd8+ Bxd8 31. Rf1 Bxf6 32. Nxf6 Rxf6 33. Qxe5+ Rd6 34. Rxf7 Qg2+ 35. Kb3 Qd5+ 36. Qxd5 Rxd5 37. Rf6 Rxh5 38. Rxa6 Kb7 39. Re6 Rh2 40. Re4 h5 41. a4 bxa4+ 42. Rxa4 h4 43. Ra5 h3 44. Rh5 Rh1 45. Rh6 h2 46. Kb4 Kc7 47. Kb5 1-0

[Event "Gelsenkirchen Koenigsspringer op"]
[Site "Gelsenkirchen"]
[Date "2019.12.28"]
[Round "4"]
[White "Lombardi, Marco"]
[Black "Wickenfeld, Stefan"]
[Result "0-1"]
[WhiteElo "1961"]
[BlackElo "2175"]
[PlyCount "104"]
[EventDate "2019.12.27"]
[EventType "swiss"]
[EventRounds "7"]
[EventCountry "GER"]
[SourceTitle "CBM 194 Extra"]
[Source "ChessBase"]
[SourceDate "2020.03.31"]
[SourceVersion "1"]
[SourceVersionDate "2020.03.31"]
[SourceQuality "1"]

1. e4 c5 2. Nc3 a6 3. f4 b5 4. Nf3 b4 5. Ne2 Bb7 6. d3 d5 7. Ng3 dxe4 8. Nxe4 e6 9. Be3 Nd7 10. Be2 Ngf6 11. Nxf6+ Nxf6 12. 0-0 Ng4 13. Qd2 Be7 14. Ne5 Nxe3 15. Qxe3 0-0 16. Bf3 Bxf3 17. Nxf3 Rc8 18. Qe4 Bf6 19. Ne5 Bxe5 20. fxe5 Qd4+ 21. Qxd4 cxd4 22. Rf2 Rc5 23. a3 Ra5 24. Rf4 Rd8 25. Re4 Rdd5 26. a4 Rac5 27. Rc1 b3 28. c4 dxc3 29. Rb4 g6 30. bxc3 Rxd3 31. Rxb3 Rxe5 32. Rb8+ Kg7 33. Rf1 Rd7 34. Rb6 Ra5 35. Rb4 Rc7 36. c4 Rac5 37. Rc1 g5 38. h3 Kg6 39. Kf2 f5 40. Rb6 R7c6 41. a5 f4 42. Rxc6 Rxc6 43. c5 Kf5 44. Rc4 Ke5 45. h4 g4 46. Ke2 Kf5 47. Kd3 e5 48. Rc1 e4+ 49. Kd4 g3 50. Kd5 Rc8 51. c6 f3 52. Kd6 f2 0-1

[Event "Ruhrgebiet Verbandsklasse Gruppe 1 1819"]
[Site "Nordrheinwestfalen"]
[Date "2019.05.05"]
[Round "9.1"]
[White "Schwarzkopf, Christian"]
[Black "Lombardi, Marco"]
[Result "1-0"]
[WhiteElo "2062"]
[BlackElo "1853"]
[PlyCount "69"]
[EventDate "2018.09.23"]
[EventType "team-tourn"]
[EventRounds "9"]
[EventCountry "GER"]
[SourceTitle "EXT 2022"]
[Source "ChessBase"]
[SourceDate "2021.10.06"]
[SourceVersion "1"]
[SourceVersionDate "2021.10.06"]
[SourceQuality "1"]
[WhiteTeam "Werl SC 1981"]
[BlackTeam "Haltern"]
[WhiteTeamCountry "GER"]
[BlackTeamCountry "GER"]

1. c4 e5 2. g3 Nf6 3. Bg2 Nc6 4. Nc3 Bc5 5. e3 d6 6. a3 a6 7. Nge2 Ba7 8. 0-0 0-0 9. d4 Re8 10. h3 h6 11. d5 Nb8 12. e4 Nbd7 13. Kh2 Nf8 14. Qd3 Bd7 15. Be3 Bxe3 16. Qxe3 N8h7 17. Rac1 b6 18. Rc2 Qc8 19. f3 Kh8 20. b4 a5 21. c5 axb4 22. axb4 bxc5 23. bxc5 Qd8 24. Rb1 Ra3 25. Qc1 Ra5 26. c6 Bc8 27. Ra1 Rxa1 28. Qxa1 Ng8 29. Nb5 f5 30. Ra2 f4 31. Qc1 Rf8 32. Ra7 Rf7 33. gxf4 exf4 34. Ned4 Nhf6 35. Ra8 1-0

[Event "Gelsenkirchen Silvester op 6th"]
[Site "Gelsenkirchen"]
[Date "2018.12.29"]
[Round "5"]
[White "Lombardi, Marco"]
[Black "Ziabari, Morteza"]
[Result "1-0"]
[WhiteElo "1937"]
[BlackElo "1927"]
[PlyCount "169"]
[EventDate "2018.12.27"]
[EventType "swiss"]
[EventRounds "7"]
[EventCountry "GER"]
[SourceTitle "CBM 188 Extra"]
[Source "ChessBase"]
[SourceDate "2019.02.28"]
[SourceVersion "1"]
[SourceVersionDate "2019.02.28"]
[SourceQuality "1"]

1. e4 d6 2. d4 Nf6 3. Nc3 c6 4. Nf3 Bg4 5. Be2 Nbd7 6. h3 Bh5 7. Bf4 Bxf3 8. Bxf3 e5 9. Bg5 h6 10. Bh4 Qb6 11. dxe5 dxe5 12. Na4 Qa5+ 13. Nc3 Bb4 14. Qd3 Nc5 15. Qe3 Na4 16. 0-0 Nxb2 17. Nb1 Nc4 18. Qb3 Nd6 19. c3 Bc5 20. Nd2 0-0-0 21. a4 Qb6 22. Qa2 a5 23. Bg3 Rde8 24. Nc4 Nxc4 25. Qxc4 Re7 26. Rab1 Qa7 27. Rb2 g5 28. Rfb1 Ne8 29. Rd1 Nd6 30. Qe2 f6 31. Rbd2 Kc7 32. Bg4 Qb8 33. Qf3 Qe8 34. Bh5 Qf8 35. Qe2 Qg7 36. Kh1 Rf8 37. f3 Qg8 38. Bf2 Bxf2 39. Qxf2 Nc4 40. Qc5 Rg7 41. Rd5 Kb8 42. Rd7 Rxd7 43. Rxd7 Rc8 44. Bf7 Qf8 45. Qxc4 Qa3 46. Qb3 Qc1+ 47. Rd1 Qe3 48. Rb1 Rc7 49. Be6 h5 50. c4 Qxb3 51. Rxb3 Re7 52. Bf5 h4 53. c5 Kc7 54. Rd3 b6 55. cxb6+ Kxb6 56. Rd6 Rf7 57. Be6 Rc7 58. Ba2 Kc5 59. Rxf6 Kb4 60. Rf5 c5 61. Rxe5 c4 62. Bb1 Kxa4 63. Bc2+ Kb4 64. Re6 Kc3 65. Ba4 Kb4 66. Bd1 Rd7 67. Rb6+ Ka3 68. Be2 c3 69. Rc6 Kb2 70. Bb5 Rd1+ 71. Kh2 c2 72. Rxc2+ Kxc2 73. Ba4+ Kc1 74. Bxd1 Kxd1 75. e5 a4 76. e6 a3 77. e7 a2 78. e8Q a1Q 79. Qd8+ Ke2 80. Qxg5 Qd4 81. f4 Kf1 82. Qb5+ Kf2 83. Qe5 Qd1 84. Qc5+ Kf1 85. Qg1+ 1-0

[Event "Ruhrgebiet Verbandsklasse Gruppe 1 1819"]
[Site "Nordrheinwestfalen"]
[Date "2018.10.07"]
[Round "2.3"]
[White "Achenbach, Manfred"]
[Black "Lombardi, Marco"]
[Result "1/2-1/2"]
[WhiteElo "1880"]
[BlackElo "1784"]
[PlyCount "71"]
[EventDate "2018.09.23"]
[EventType "team-tourn"]
[EventRounds "9"]
[EventCountry "GER"]
[SourceTitle "EXT 2022"]
[Source "ChessBase"]
[SourceDate "2021.10.06"]
[SourceVersion "1"]
[SourceVersionDate "2021.10.06"]
[SourceQuality "1"]
[WhiteTeam "Muelheim SC"]
[BlackTeam "Haltern"]
[WhiteTeamCountry "GER"]
[BlackTeamCountry "GER"]

1. Nf3 d5 2. c4 e6 3. g3 Nf6 4. Bg2 Nbd7 5. 0-0 Be7 6. d3 0-0 7. Nc3 c6 8. e4 Qc7 9. Qe2 dxc4 10. dxc4 e5 11. a3 Nc5 12. Rb1 Nb3 13. Be3 Ng4 14. Qc2 Nxe3 15. fxe3 Nc5 16. b4 Ne6 17. Nd1 a5 18. Qc3 Ng5 19. Nh4 Nh3+ 20. Kh1 Bxh4 21. gxh4 Qe7 22. Qe1 g5 23. Qg3 Kh8 24. Bxh3 gxh4 25. Qf3 Be6 26. Bxe6 fxe6 27. Qe2 Rxf1+ 28. Qxf1 axb4 29. axb4 Rf8 30. Qh3 Qf6 31. Rb2 Qf1+ 32. Qxf1 Rxf1+ 33. Kg2 Rxd1 34. Rb3 Rc1 35. c5 Rc4 36. Kf3 1/2-1/2

[Event "Gelsenkirchen Silvester op 5th"]
[Site "Gelsenkirchen"]
[Date "2017.12.27"]
[Round "1"]
[White "Lombardi, Marco"]
[Black "Dette, Jan"]
[Result "0-1"]
[WhiteElo "1837"]
[BlackElo "2035"]
[PlyCount "88"]
[EventDate "2017.12.27"]
[EventType "swiss"]
[EventRounds "5"]
[EventCountry "GER"]
[SourceTitle "CBM 182 Extra"]
[Source "ChessBase"]
[SourceDate "2018.02.23"]
[SourceVersion "1"]
[SourceVersionDate "2018.02.23"]
[SourceQuality "1"]

1. e4 Nc6 2. d4 e5 3. d5 Nce7 4. Nf3 Ng6 5. Be3 Nf6 6. Nbd2 Bb4 7. Bd3 0-0 8. a3 Bxd2+ 9. Bxd2 d6 10. h3 c6 11. c4 Nh5 12. g3 Bd7 13. Ng5 Nf6 14. h4 h6 15. Nh3 Qc8 16. Ng1 Nh7 17. f3 f5 18. h5 Ne7 19. Qe2 Nf6 20. Bb4 c5 21. Bd2 fxe4 22. Bxe4 Nxe4 23. Qxe4 Nf5 24. Ne2 Nd4 25. Nxd4 cxd4 26. g4 Qxc4 27. Rc1 Qb3 28. Rc7 Rad8 29. Rf1 Qb6 30. Rc1 Rf7 31. g5 hxg5 32. Bxg5 Rdf8 33. h6 Bf5 34. Qh4 g6 35. Rh1 Kh7 36. Rh2 Qa5+ 37. Rd2 Qxd5 38. Be7 Re8 39. Rc7 Qxf3 40. Bxd6 Rxc7 41. Bxc7 Qe3+ 42. Kd1 Qg1+ 43. Ke2 e4 44. Rd1 Bg4+ 0-1

[Event "Gelsenkirchen Silvester op 4th"]
[Site "Gelsenkirchen"]
[Date "2016.12.27"]
[Round "2"]
[White "Hetzel, Jan"]
[Black "Lombardi, Marco"]
[Result "1/2-1/2"]
[WhiteElo "1588"]
[BlackElo "1931"]
[PlyCount "65"]
[EventDate "2016.12.27"]
[EventType "swiss"]
[EventRounds "5"]
[EventCountry "GER"]
[SourceTitle "EXT 2019"]
[Source "ChessBase"]
[SourceDate "2018.10.10"]
[SourceVersion "1"]
[SourceVersionDate "2018.10.10"]
[SourceQuality "1"]

1. f4 d5 2. e3 Nf6 3. Nf3 e6 4. b3 Be7 5. Bb2 Nbd7 6. c4 c6 7. Be2 b6 8. 0-0 0-0 9. Ne5 Bb7 10. cxd5 cxd5 11. f5 Nxe5 12. Bxe5 exf5 13. Rxf5 g6 14. Rf1 Ne4 15. Nc3 Bd6 16. Bxd6 Qxd6 17. Nxe4 dxe4 18. Qc2 Qe5 19. Rac1 Rac8 20. Qb1 b5 21. Rxc8 Rxc8 22. Rc1 a6 23. Rxc8+ Bxc8 24. a4 Be6 25. axb5 axb5 26. b4 Kg7 27. Qc1 Bd7 28. Qc3 Kf6 29. Kf2 Ke6 30. Qxe5+ Kxe5 31. g4 f5 32. Kg3 h6 33. h4 1/2-1/2

[Event "Gelsenkirchen Silvester op 4th"]
[Site "Gelsenkirchen"]
[Date "2016.12.27"]
[Round "1"]
[White "Lombardi, Marco"]
[Black "Dubberke, Alexander"]
[Result "1-0"]
[WhiteElo "1931"]
[BlackElo "1660"]
[PlyCount "79"]
[EventDate "2016.12.27"]
[EventType "swiss"]
[EventRounds "5"]
[EventCountry "GER"]
[SourceTitle "EXT 2019"]
[Source "ChessBase"]
[SourceDate "2018.10.10"]
[SourceVersion "1"]
[SourceVersionDate "2018.10.10"]
[SourceQuality "1"]

1. e4 d6 2. d4 Nf6 3. Nc3 Nc6 4. Nf3 Bg4 5. Be2 e5 6. dxe5 dxe5 7. Qxd8+ Rxd8 8. Bg5 Bxf3 9. Bxf3 Nd4 10. 0-0-0 Be7 11. Bxf6 Bxf6 12. Nd5 Bg5+ 13. Kb1 c6 14. Nb4 Nxf3 15. gxf3 0-0 16. Nd3 Bf4 17. h4 b6 18. Rdg1 f5 19. Rg2 fxe4 20. fxe4 Rd4 21. Rhg1 g6 22. h5 Rf6 23. hxg6 Rxg6 24. Rxg6+ hxg6 25. f3 g5 26. Nxf4 exf4 27. Rxg5+ Kh7 28. Kc1 Kh6 29. Rf5 Kg6 30. Rxf4 a5 31. c3 Rd6 32. Kc2 c5 33. a4 c4 34. e5 Re6 35. Rxc4 b5 36. Rc5 b4 37. cxb4 axb4 38. f4 Kf5 39. Rc4 Rb6 40. Kb3 1-0

[Event "Gelsenkirchen Silvester op 3rd"]
[Site "Gelsenkirchen"]
[Date "2015.12.28"]
[Round "4"]
[White "Lombardi, Marco"]
[Black "Doepper, Anna Berenice"]
[Result "0-1"]
[WhiteElo "2008"]
[BlackElo "1760"]
[PlyCount "52"]
[EventDate "2015.12.27"]
[EventType "swiss"]
[EventRounds "5"]
[EventCountry "GER"]
[SourceTitle "EXT 2019"]
[Source "ChessBase"]
[SourceDate "2018.10.10"]
[SourceVersion "1"]
[SourceVersionDate "2018.10.10"]
[SourceQuality "1"]

1. e4 e6 2. d4 d5 3. Nc3 Nf6 4. Bg5 dxe4 5. Nxe4 Be7 6. Nxf6+ Bxf6 7. Bxf6 Qxf6 8. Nf3 0-0 9. Bd3 Nc6 10. c3 e5 11. d5 Ne7 12. 0-0 Bg4 13. Be4 Qf4 14. Re1 f5 15. d6 cxd6 16. Bxb7 Rab8 17. g3 Qh6 18. Qb3+ Kh8 19. Nxe5 dxe5 20. Rxe5 Nc6 21. Re6 Qh3 22. Qd5 Rxb7 23. Qxc6 Rbf7 24. Re8 f4 25. Rxf8+ Rxf8 26. gxf4 Bf3 0-1

[Event "Ruhrgebiet Verbandsklasse Gruppe 3 1415"]
[Site "Germany"]
[Date "2015.02.08"]
[Round "6"]
[White "Weier, Daniel"]
[Black "Lombardi, Marco"]
[Result "1-0"]
[WhiteElo "1921"]
[BlackElo "1901"]
[PlyCount "50"]
[EventDate "2014.09.21"]
[EventType "team-tourn"]
[EventRounds "9"]
[EventCountry "GER"]
[SourceTitle "EXT 2022"]
[Source "ChessBase"]
[SourceDate "2021.10.06"]
[SourceVersion "1"]
[SourceVersionDate "2021.10.06"]
[SourceQuality "1"]
[WhiteTeam "Annen Sport Union"]
[BlackTeam "Haltern"]
[WhiteTeamCountry "GER"]
[BlackTeamCountry "GER"]

1. d4 Nf6 2. Nf3 g6 3. c4 Bg7 4. Nc3 d6 5. e4 Nc6 6. Be2 Bd7 7. h3 a5 8. Be3 a4 9. d5 Nb4 10. a3 Na6 11. e5 dxe5 12. Nxe5 Nb8 13. Nxd7 Qxd7 14. Qd2 0-0 15. 0-0 e6 16. Bf3 exd5 17. cxd5 Rd8 18. Rfe1 Qc8 19. Qe2 Nbd7 20. Rac1 Ne5 21. Bf4 Nxf3+ 22. Qxf3 Qd7 23. Bg5 Ra6 24. Ne4 Nxe4 25. Rxe4 Re8 1-0

[Event "Gelsenkirchen Silvester op 2nd"]
[Site "Gelsenkirchen"]
[Date "2014.12.28"]
[Round "4"]
[White "Quast, Marcel"]
[Black "Lombardi, Marco"]
[Result "1-0"]
[WhiteElo "2201"]
[BlackElo "1890"]
[PlyCount "97"]
[EventDate "2014.12.27"]
[EventType "swiss"]
[EventRounds "5"]
[EventCountry "GER"]
[SourceTitle "EXT 2019"]
[Source "ChessBase"]
[SourceDate "2018.10.10"]
[SourceVersion "1"]
[SourceVersionDate "2018.10.10"]
[SourceQuality "1"]

1. f4 g6 2. Nf3 d6 3. g3 Bg7 4. Bg2 Nf6 5. 0-0 c6 6. Nc3 Na6 7. e4 0-0 8. d4 Nc7 9. a4 Bd7 10. a5 Qc8 11. Re1 Bh3 12. Bh1 Bg4 13. Qd3 Rd8 14. Nd1 d5 15. e5 Ne4 16. Nf2 Bf5 17. Qe2 Nxf2 18. Kxf2 Bg4 19. Be3 f6 20. Qd2 Ne6 21. c3 fxe5 22. Nxe5 Bxe5 23. fxe5 Rf8+ 24. Kg1 Ng7 25. Rf1 Qe6 26. Bg2 Rf5 27. Rf4 Rxf4 28. Bxf4 Rf8 29. Bh6 Bh3 30. Bxg7 Kxg7 31. Bxh3 Qxh3 32. Qg2 Qc8 33. Qe2 a6 34. Kg2 h5 35. h4 Qf5 36. Re1 e6 37. Rd1 Kh6 38. Re1 g5 39. hxg5+ Kxg5 40. Rh1 Kg6 41. Rh4 Qg5 42. Kh3 Rh8 43. Rf4 Kg7 44. Qf3 Qe7 45. Rf6 Qe8 46. Qf4 Rh7 47. Qg5+ Kh8 48. Qg6 Qd7 49. Rf8# 1-0

[Event "Gelsenkirchen Silvester op 2nd"]
[Site "Gelsenkirchen"]
[Date "2014.12.27"]
[Round "1"]
[White "Lombardi, Marco"]
[Black "Lotzien, Hans"]
[Result "1-0"]
[WhiteElo "1890"]
[BlackElo "2165"]
[PlyCount "70"]
[EventDate "2014.12.27"]
[EventType "swiss"]
[EventRounds "5"]
[EventCountry "GER"]
[SourceTitle "EXT 2019"]
[Source "ChessBase"]
[SourceDate "2018.10.10"]
[SourceVersion "1"]
[SourceVersionDate "2018.10.10"]
[SourceQuality "1"]

1. e4 e5 2. Nf3 Nc6 3. Bc4 Bc5 4. c3 h6 5. d3 d6 6. Bb3 Nge7 7. Nbd2 0-0 8. Nf1 Ng6 9. Ng3 Qf6 10. h3 Nf4 11. Bxf4 exf4 12. Nh5 Qe7 13. Nxf4 Be6 14. Bxe6 Qf6 15. Nd5 Qxe6 16. Nxc7 Qg6 17. 0-0 Rad8 18. Nd5 a6 19. Nh4 Qh7 20. Nf5 Kh8 21. d4 Ba7 22. Qf3 f6 23. Rae1 g6 24. Nfe3 Qf7 25. Ng4 f5 26. exf5 gxf5 27. Ngf6 Qg7 28. Nh5 Qf7 29. Ndf4 Qg8 30. Re6 Kh7 31. Nf6+ Rxf6 32. Rxf6 Qg5 33. Nh5 Bxd4 34. cxd4 Nxd4 35. Qd1 Rd7 1-0

[Event "NRW Verbandsklasse Group1 1314"]
[Site "Nordrheinwestfalen"]
[Date "2013.11.24"]
[Round "4"]
[White "Lombardi, Marco"]
[Black "Riesenbeck, Juergen"]
[Result "0-1"]
[WhiteElo "1767"]
[BlackElo "1900"]
[PlyCount "106"]
[EventDate "2013.09.08"]
[EventType "team-tourn"]
[EventRounds "9"]
[EventCountry "GER"]
[SourceTitle "EXT 2020"]
[Source "ChessBase"]
[SourceDate "2019.10.17"]
[SourceVersion "1"]
[SourceVersionDate "2019.10.17"]
[SourceQuality "1"]
[WhiteTeam "Koenigsspringer Haltern"]
[BlackTeam "Katernberg SF III"]
[WhiteTeamCountry "GER"]
[BlackTeamCountry "GER"]

1. e4 e6 2. d4 d5 3. Nc3 Nf6 4. Bg5 Bb4 5. exd5 exd5 6. Bd3 Nc6 7. Nge2 0-0 8. 0-0 Be6 9. a3 Be7 10. f4 Bg4 11. h3 Bxe2 12. Nxe2 h6 13. Bh4 Ne4 14. Bxe7 Qxe7 15. c3 f5 16. Qc2 Qd6 17. c4 dxc4 18. Bxc4+ Kh8 19. d5 Qc5+ 20. Kh2 Na5 21. Bd3 Qxc2 22. Bxc2 Nc4 23. Rf3 Rad8 24. b3 Nb6 25. Rd1 Rxd5 26. Rxd5 Nxd5 27. Nd4 g6 28. g4 Nd6 29. gxf5 Nxf5 30. Bxf5 gxf5 31. Kg3 Kh7 32. Rd3 c6 33. Kf3 Kg6 34. b4 a6 35. Rb3 Re8 36. Ne2 Re4 37. Rd3 Rc4 38. Rd1 Re4 39. Rg1+ Kf6 40. Rg3 Re3+ 41. Kf2 Rxg3 42. Kxg3 Nc7 43. Nd4 Nb5 44. Nc2 b6 45. Kf3 c5 46. bxc5 bxc5 47. Ke3 Nc3 48. Kf3 Nd5 49. a4 Nb6 50. Ne3 Nxa4 51. Nd5+ Kf7 52. Ke3 Nb2 53. Kd2 Nc4+ 0-1

[Event "NRW Verbandsklasse Group1 1314"]
[Site "Nordrheinwestfalen"]
[Date "2013.11.03"]
[Round "3"]
[White "Holl, Michael"]
[Black "Lombardi, Marco"]
[Result "0-1"]
[WhiteElo "1757"]
[BlackElo "1767"]
[PlyCount "98"]
[EventDate "2013.09.08"]
[EventType "team-tourn"]
[EventRounds "9"]
[EventCountry "GER"]
[SourceTitle "EXT 2020"]
[Source "ChessBase"]
[SourceDate "2019.10.17"]
[SourceVersion "1"]
[SourceVersionDate "2019.10.17"]
[SourceQuality "1"]
[WhiteTeam "Oberhausen SW"]
[BlackTeam "Koenigsspringer Haltern"]
[WhiteTeamCountry "GER"]
[BlackTeamCountry "GER"]

1. e4 d6 2. d4 g6 3. Bc4 Bg7 4. Qe2 c6 5. a4 d5 6. exd5 cxd5 7. Bb5+ Nc6 8. c3 Nf6 9. h3 Bd7 10. Bf4 0-0 11. Nf3 Re8 12. Bxc6 Bxc6 13. Ne5 Nd7 14. 0-0 Nxe5 15. dxe5 e6 16. Rd1 Qc7 17. Nd2 a6 18. Nf3 b5 19. a5 Bb7 20. Rd4 Rac8 21. Qd2 Qe7 22. Re1 Rc4 23. Bh6 Rec8 24. Bxg7 Kxg7 25. Qf4 Rxd4 26. Qxd4 Rc4 27. Qb6 b4 28. Nd2 Rc6 29. Qxb4 Qxb4 30. cxb4 Rc2 31. Nf3 Rxb2 32. Rc1 Rxb4 33. Rc7 h6 34. Kf1 d4 35. Nd2 Bd5 36. Ra7 Rb2 37. Ke1 Bxg2 38. Rxa6 d3 39. f3 Bxh3 40. Ra7 Ra2 41. a6 Bf5 42. Nc4 g5 43. Nd6 Kg6 44. Rxf7 g4 45. a7 gxf3 46. Rf6+ Kg5 47. Nf7+ Kf4 48. Nxh6 f2+ 49. Kf1 d2 0-1

[Event "Ruhrgebiet VK3 0910"]
[Site "Ruhrgebiet"]
[Date "2009.10.04"]
[Round "2.7"]
[White "Lombardi, Marco"]
[Black "Kolbe, Markus"]
[Result "0-1"]
[WhiteElo "1877"]
[BlackElo "1663"]
[PlyCount "113"]
[EventDate "2009.09.06"]
[EventType "team"]
[EventRounds "9"]
[EventCountry "GER"]
[SourceTitle "EXT 2011"]
[Source "ChessBase"]
[SourceDate "2010.11.26"]
[SourceVersion "1"]
[SourceVersionDate "2010.11.26"]
[SourceQuality "1"]
[WhiteTeam "Haltern"]
[BlackTeam "Gelsenkirchen"]
[WhiteTeamCountry "GER"]
[BlackTeamCountry "GER"]

1. Nf3 g6 2. g3 Bg7 3. d4 Nf6 4. Bg2 d6 5. 0-0 c6 6. Nc3 0-0 7. Bf4 Bg4 8. Qd2 Nbd7 9. Bh6 Qa5 10. Bxg7 Kxg7 11. h3 Bxf3 12. Bxf3 Nd5 13. e4 Nxc3 14. bxc3 Nb6 15. Rfb1 Rab8 16. Rb3 Na4 17. h4 h6 18. Rab1 b5 19. e5 d5 20. Be2 Nb6 21. Qc1 Na4 22. Qa3 Qc7 23. Qc1 Qa5 24. Qe3 Nb6 25. a3 Nc4 26. Qc1 f6 27. exf6+ Rxf6 28. Bxc4 dxc4 29. Rb4 Qc7 30. Qe3 Rbf8 31. f4 g5 32. hxg5 hxg5 33. Re1 R8f7 34. Qe5 Qxe5 35. dxe5 Rh6 36. e6 Rf5 37. fxg5 Rxg5 38. Kg2 Rhg6 39. Re3 Rd5 40. Rb1 Kf6 41. Rf1+ Rf5 42. Rfe1 Rgg5 43. Rh1 Rh5 44. Rd1 Re5 45. Rf3+ Kxe6 46. g4 Rhg5 47. Rd4 c5 48. Rdf4 Kd5 49. Kg3 a5 50. Kh4 b4 51. cxb4 cxb4 52. axb4 axb4 53. Rf2 Rg8 54. Rd2+ Kc5 55. Rdd4 Rh8+ 56. Kg3 Re3+ 57. Kg2 0-1

[Event "Amantea op-A 6th"]
[Site "Amantea"]
[Date "2008.09.03"]
[Round "4"]
[White "Lombardi, Marco"]
[Black "Ambrosanio, Raffaele"]
[Result "1-0"]
[WhiteElo "2119"]
[BlackElo "1942"]
[PlyCount "61"]
[EventDate "2008.08.31"]
[EventType "swiss"]
[EventRounds "9"]
[EventCountry "ITA"]
[SourceTitle "CBM 126 Extra"]
[Source "ChessBase"]
[SourceDate "2008.11.05"]
[SourceVersion "1"]
[SourceVersionDate "2008.11.05"]
[SourceQuality "1"]

1. e4 d6 2. d4 Nf6 3. Nc3 g6 4. Bc4 Bg7 5. Nge2 0-0 6. f3 c6 7. Bb3 Nbd7 8. Be3 b5 9. a3 Bb7 10. Qd2 Re8 11. h4 a5 12. Bh6 b4 13. Na4 c5 14. h5 e6 15. Bxg7 Kxg7 16. hxg6 fxg6 17. Qh6+ Kf7 18. 0-0-0 Ba6 19. dxc5 Bxe2 20. Rxd6 Qc7 21. e5 Nxe5 22. Qxh7+ Nxh7 23. Rxh7+ Kf6 24. Rxc7 bxa3 25. bxa3 Bf1 26. Nb6 Rad8 27. Nd5+ Kg5 28. f4+ Kh4 29. Ne3 Bxg2 30. Nxg2+ Kg3 31. fxe5 1-0

[Event "Ruhrgebiet VK3 0304"]
[Site "Ruhrgebiet"]
[Date "2003.10.26"]
[Round "2.6"]
[White "Schreiber, Alfred"]
[Black "Lombardi, Marco"]
[Result "0-1"]
[WhiteElo "1815"]
[BlackElo "1869"]
[PlyCount "72"]
[EventDate "2003.09.28"]
[EventType "team-tourn"]
[EventRounds "9"]
[EventCountry "GER"]
[SourceTitle "EXT 2007"]
[Source "ChessBase"]
[SourceDate "2006.11.23"]
[SourceVersion "1"]
[SourceVersionDate "2006.11.23"]
[SourceQuality "1"]
[WhiteTeam "Werne SK"]
[BlackTeam "Haltern"]
[WhiteTeamCountry "GER"]
[BlackTeamCountry "GER"]

1. c4 Nf6 2. Nc3 g6 3. g3 Bg7 4. Bg2 d6 5. e4 Nc6 6. Nge2 e5 7. 0-0 0-0 8. d3 Be6 9. Nd5 Ne7 10. f4 Nfxd5 11. cxd5 Bd7 12. Be3 Qc8 13. Qd2 Bh3 14. Rac1 Bxg2 15. Kxg2 Qd7 16. fxe5 dxe5 17. d4 f5 18. dxe5 Bxe5 19. Bf4 Bxf4 20. Nxf4 fxe4 21. Qd4 Nf5 22. Qc3 Rf7 23. g4 Nh4+ 24. Kg3 Nf3 25. h4 Raf8 26. Rxf3 exf3 27. Ne6 Qd6+ 28. Kh3 Re8 29. Rf1 c6 30. Rxf3 Rxf3+ 31. Qxf3 Qxd5 32. Qxd5 cxd5 33. Nc7 Re3+ 34. Kg2 d4 35. Kf2 Re5 36. a4 a6 0-1

[Event "Ruhrgebiet VK2 0001"]
[Site "Ruhrgebiet"]
[Date "2001.05.13"]
[Round "9"]
[White "Lombardi, Marco"]
[Black "Luek, Harald"]
[Result "1/2-1/2"]
[WhiteElo "1887"]
[BlackElo "1877"]
[PlyCount "48"]
[EventDate "2000.09.17"]
[EventType "team-tourn"]
[EventRounds "9"]
[EventCountry "GER"]
[SourceTitle "EXT 2023"]
[Source "ChessBase"]
[SourceDate "2022.10.05"]
[SourceVersion "1"]
[SourceVersionDate "2022.10.05"]
[SourceQuality "1"]
[WhiteTeam "Haltern"]
[BlackTeam "Linden Sued"]
[WhiteTeamCountry "GER"]
[BlackTeamCountry "GER"]

1. Nf3 Nf6 2. b3 g6 3. Bb2 Bg7 4. e3 b6 5. c4 Bb7 6. Be2 c5 7. 0-0 0-0 8. d4 cxd4 9. Nxd4 Nc6 10. Nd2 Re8 11. N2f3 Qc7 12. Nb5 Qc8 13. Qd2 a6 14. Nc3 Nd8 15. Rfd1 d6 16. Rac1 Ne4 17. Nxe4 Bxb2 18. Qxb2 Bxe4 19. Qd4 Bxf3 20. Bxf3 Rb8 21. h4 Nc6 22. Bxc6 Qxc6 23. h5 Qc5 24. hxg6 hxg6 1/2-1/2

[Event "Ruhrgebiet VK2 0001"]
[Site "Ruhrgebiet"]
[Date "2001.03.18"]
[Round "7"]
[White "Lombardi, Marco"]
[Black "Goessling, Juergen"]
[Result "1/2-1/2"]
[WhiteElo "1887"]
[BlackElo "1741"]
[PlyCount "112"]
[EventDate "2000.09.17"]
[EventType "team-tourn"]
[EventRounds "9"]
[EventCountry "GER"]
[SourceTitle "EXT 2023"]
[Source "ChessBase"]
[SourceDate "2022.10.05"]
[SourceVersion "1"]
[SourceVersionDate "2022.10.05"]
[SourceQuality "1"]
[WhiteTeam "Haltern"]
[BlackTeam "Neu Herne Zeppelin"]
[WhiteTeamCountry "GER"]
[BlackTeamCountry "GER"]

1. Nf3 Nf6 2. b3 g6 3. Bb2 Bg7 4. c4 c5 5. e3 0-0 6. Be2 Nc6 7. 0-0 d5 8. d4 cxd4 9. Nxd4 Qb6 10. Nd2 a6 11. cxd5 Nxd5 12. Nc4 Qc7 13. Nxc6 Qxc6 14. Bxg7 Kxg7 15. Qd4+ Nf6 16. Bf3 Qb5 17. Rac1 Be6 18. h3 Rfd8 19. Qa1 Rac8 20. Be2 Qg5 21. Kh2 Kg8 22. Ne5 Rxc1 23. Rxc1 Rd2 24. Nf3 Qd5 25. Nxd2 Qxd2 26. Bf3 Qxf2 27. Qd4 h5 28. Qf4 Qxa2 29. Bxb7 Qxb3 30. Bf3 a5 31. Rc7 Qa3 32. Ra7 Kg7 33. Qe5 a4 34. Qd4 Bb3 35. Bc6 Qd6+ 36. Qxd6 exd6 37. Bxa4 Bxa4 38. Rxa4 Nd5 39. e4 Nc7 40. Kg3 Kf6 41. Kf3 Ne6 42. Ke3 Ke5 43. Ra7 f6 44. h4 f5 45. exf5 Kxf5 46. g3 d5 47. Ra5 Ke5 48. Kf3 Nd4+ 49. Kf2 Nf5 50. Ra6 Nd6 51. Kf3 d4 52. Ra5+ Kf6 53. Kf4 Nf5 54. Ra3 Ne3 55. Ke4 Ke6 56. Ra6+ Kf7 1/2-1/2